हृदयस्थ (Record no. 439143)

MARC details
000 -LEADER
fixed length control field 00411nam a2200145Ia 4500
008 - FIXED-LENGTH DATA ELEMENTS--GENERAL INFORMATION
fixed length control field 100122s9999 xx 000 0 und d
082 ## - DEWEY DECIMAL CLASSIFICATION NUMBER
Item number 66684
Classification number 926.1
100 ## - MAIN ENTRY--PERSONAL NAME
Personal name मांडके अलका
245 ## - TITLE STATEMENT
Title हृदयस्थ
260 ## - PUBLICATION, DISTRIBUTION, ETC. (IMPRINT)
Name of publisher, distributor, etc ग्रंथाली प्रकाशन
Date of publication, distribution, etc 2004
300 ## - PHYSICAL DESCRIPTION
Extent 212
630 ## - SUBJECT ADDED ENTRY--UNIFORM TITLE
Uniform title हृदयस्थ
730 ## - ADDED ENTRY--UNIFORM TITLE
Uniform title हृदयस्थ
942 ## - ADDED ENTRY ELEMENTS (KOHA)
Koha item type Book
Holdings
Withdrawn status Lost status Damaged status Not for loan Home library Current library Date acquired Cost, normal purchase price Total Checkouts Full call number Barcode Date last seen Cost, replacement price Price effective from Koha item type Public note
        S.V. Pathak Library, Vile Parle S.V. Pathak Library, Vile Parle 02/22/2005 250.00   66684 SVPPARLE-66684 01/25/2010 250.00 01/25/2010 Book General NA